[Event "Skopje op"]
[Site "Skopje"]
[Date "1998.12.19"]
[Round "8"]
[White "Tringov, Georgi Petrov"]
[Black "Mitkov, Nikola"]
[Result "1-0"]
[WhiteElo "2365"]
[BlackElo "2515"]
[PlyCount "73"]
[EventDate "1998.12.??"]
[EventType "swiss"]
[EventRounds "9"]
[EventCountry "MKD"]
[SourceTitle "EXT 2000"]
[Source "ChessBase"]
[SourceDate "1999.11.16"]
[SourceVersion "1"]
[SourceVersionDate "1999.11.16"]
[SourceQuality "1"]

1. e4 e5 2. Nf3 Nc6 3. Bb5 Nf6 4. Qe2 Bc5 5. c3 0-0 6. 0-0 Re8 7. d3 h6 8. h3 d6 9. Be3 Bb6 10. a4 Bd7 11. Bc4 Na5 12. Ba2 c5 13. Nbd2 Nc6 14. Nh2 Be6 15. Bxe6 Rxe6 16. Ng4 d5 17. Nxf6+ Rxf6 18. Nf3 Qd6 19. Rfe1 Re8 20. Nh4 Ne7 21. a5 Bd8 22. c4 d4 23. Bd2 Qd7 24. Reb1 g5 25. Nf3 Ng6 26. b4 cxb4 27. Rxb4 Ra6 28. Rab1 b6 29. axb6 axb6 30. Nh2 Ra2 31. Qd1 Bc7 32. Nf1 Rea8 33. Ng3 R2a3 34. Nf5 Rxd3 35. Qh5 Qe6 36. Qxh6 Qf6 37. Rxb6 1-0

[Event "Ikaros/Thessaloniki"]
[Site "Athens"]
[Date "1997.??.??"]
[Round "10"]
[White "Anagnostopoulos, Dimitrios"]
[Black "Tringov, Georgi Petrov"]
[Result "1/2-1/2"]
[WhiteElo "2495"]
[BlackElo "2405"]
[PlyCount "97"]
[EventDate "1997.??.??"]
[EventType "tourn"]
[EventRounds "11"]
[EventCountry "GRE"]
[EventCategory "7"]
[SourceTitle "EXT 2004"]
[Source "ChessBase"]
[SourceDate "2003.11.25"]
[SourceVersion "1"]
[SourceVersionDate "2003.11.25"]
[SourceQuality "1"]

1. e4 c5 2. Nf3 e6 3. d4 cxd4 4. Nxd4 a6 5. Be2 Nf6 6. Nc3 Bb4 7. e5 Nd5 8. 0-0 Nxc3 9. bxc3 Bxc3 10. Ba3 Qa5 11. Bd6 Bb4 12. Nf3 Nc6 13. Rb1 Bxd6 14. Qxd6 Qd8 15. c4 Qe7 16. c5 f6 17. Rb6 fxe5 18. Bd3 Qxd6 19. cxd6 0-0 20. Be4 a5 21. a4 h6 22. h4 g5 23. hxg5 hxg5 24. Nxg5 Nb4 25. Rb1 Kg7 26. g3 Nd5 27. Bxd5 exd5 28. Re1 Rf5 29. Nh3 Rh5 30. Kg2 Ra6 31. Rxa6 bxa6 32. f4 d4 33. g4 Bb7+ 34. Kg3 exf4+ 35. Nxf4 Rh1 36. Re7+ Kf6 37. Rxd7 Rg1+ 38. Kf2 Rxg4 39. Nh5+ Ke6 40. Rxb7 Kxd6 41. Kf3 Rg1 42. Nf4 Ra1 43. Nd3 Rxa4 44. Ke4 Ra1 45. Rb6+ Ke7 46. Kd5 a4 47. Ke5 a3 48. Rb7+ Kf8 49. Rb8+ 1/2-1/2

[Event "Ikaros/Thessaloniki"]
[Site "Athens"]
[Date "1997.??.??"]
[Round "5"]
[White "Halkias, Stelios"]
[Black "Tringov, Georgi Petrov"]
[Result "1-0"]
[WhiteElo "2345"]
[BlackElo "2405"]
[PlyCount "59"]
[EventDate "1997.??.??"]
[EventType "tourn"]
[EventRounds "11"]
[EventCountry "GRE"]
[EventCategory "7"]
[SourceTitle "EXT 2004"]
[Source "ChessBase"]
[SourceDate "2003.11.25"]
[SourceVersion "1"]
[SourceVersionDate "2003.11.25"]
[SourceQuality "1"]

1. d4 d6 2. Nf3 Bg4 3. e4 Nd7 4. c4 Ngf6 5. Nc3 e5 6. Be2 Be7 7. 0-0 0-0 8. Be3 exd4 9. Nxd4 Bxe2 10. Qxe2 Re8 11. Rad1 Bf8 12. f3 g6 13. Rfe1 c6 14. Qd2 Ne5 15. b3 Nfd7 16. Bg5 Qc7 17. f4 Ng4 18. h3 Ngf6 19. Nf3 Re6 20. e5 Nh5 21. Ne4 f6 22. exf6 Rae8 23. Bh4 Nc5 24. Nxc5 Rxe1+ 25. Rxe1 Rxe1+ 26. Qxe1 dxc5 27. Qe6+ Qf7 28. Qe5 Qd7 29. Ng5 Qd4+ 30. Bf2 1-0

[Event "Ano Liosia op"]
[Site "Athens"]
[Date "1997.??.??"]
[Round "8"]
[White "Tringov, Georgi Petrov"]
[Black "Efthimiou, Efthimios"]
[Result "0-1"]
[WhiteElo "2405"]
[BlackElo "2135"]
[PlyCount "104"]
[EventDate "1997.01.??"]
[EventType "swiss"]
[EventRounds "9"]
[EventCountry "GRE"]
[SourceTitle "EXT 1998"]
[Source "ChessBase"]
[SourceDate "1997.11.17"]
[SourceVersion "1"]
[SourceVersionDate "1997.11.17"]
[SourceQuality "1"]

1. e4 d6 2. d4 Nf6 3. Nc3 c6 4. g3 b5 5. Bg2 Bb7 6. Nge2 a6 7. 0-0 e6 8. e5 dxe5 9. dxe5 Qxd1 10. Rxd1 Ng4 11. Bf4 Nd7 12. a4 b4 13. Ne4 Ngxe5 14. c3 a5 15. Rac1 Ba6 16. Rc2 b3 17. Rcd2 Be7 18. Nc1 Bc4 19. Nd6+ Bxd6 20. Rxd6 Bd5 21. Bxd5 cxd5 22. Bxe5 Nxe5 23. Rb6 0-0 24. Rxb3 Rfb8 25. Rxb8+ Rxb8 26. b3 Kf8 27. Kf1 Nd7 28. Rd2 Nc5 29. Ra2 Rb7 30. Ra3 Ne4 31. b4 axb4 32. cxb4 Rxb4 33. Nd3 Rb3 34. Rxb3 Nd2+ 35. Ke2 Nxb3 36. Kd1 Ke7 37. Kc2 Na5 38. Kc3 Nc6 39. h4 Kd6 40. Nf4 g6 41. Nh3 f6 42. f4 h5 43. Nf2 e5 44. fxe5+ fxe5 45. g4 e4 46. gxh5 gxh5 47. Nh1 Ke5 48. Ng3 d4+ 49. Kd2 Kf4 50. Nxh5+ Kf3 51. Nf6 e3+ 52. Ke1 Nb4 0-1

[Event "Ikaros/Thessaloniki"]
[Site "Athens"]
[Date "1997.??.??"]
[Round "2"]
[White "Tringov, Georgi Petrov"]
[Black "Papaioannou, Ioannis"]
[Result "1/2-1/2"]
[WhiteElo "2405"]
[BlackElo "2470"]
[PlyCount "91"]
[EventDate "1997.??.??"]
[EventType "tourn"]
[EventRounds "11"]
[EventCountry "GRE"]
[EventCategory "7"]
[SourceTitle "EXT 2004"]
[Source "ChessBase"]
[SourceDate "2003.11.25"]
[SourceVersion "1"]
[SourceVersionDate "2003.11.25"]
[SourceQuality "1"]

1. e4 c6 2. c4 d5 3. exd5 Nf6 4. Nc3 cxd5 5. cxd5 Nxd5 6. Nf3 e6 7. d4 Bb4 8. Bd2 Nc6 9. Bd3 Be7 10. 0-0 0-0 11. Re1 Ndb4 12. Be3 Nxd3 13. Qxd3 Nb4 14. Qe4 Bf6 15. a3 Nd5 16. Nxd5 exd5 17. Qd3 Bg4 18. Ne5 Be6 19. Rac1 Qb6 20. Qd2 Rac8 21. h3 h6 22. b4 Qa6 23. Qb2 Rxc1 24. Rxc1 Rc8 25. Rxc8+ Bxc8 26. Qb3 Qd6 27. Qa4 a6 28. Qe8+ Qf8 29. Qxf8+ Kxf8 30. Kf1 Ke8 31. Ke2 Bd7 32. Nxd7 Kxd7 33. Kd3 h5 34. a4 Kc6 35. Bd2 b5 36. a5 Kd6 37. g4 hxg4 38. hxg4 Ke6 39. Ke3 Be7 40. f4 Kf6 41. Kf3 Bd6 42. Kg2 Kg6 43. Kh3 Be7 44. Kg3 Kh6 45. Kh3 Bd6 46. Kg2 1/2-1/2

[Event "Ikaros/Thessaloniki"]
[Site "Athens"]
[Date "1997.??.??"]
[Round "3"]
[White "Tringov, Georgi Petrov"]
[Black "Radulov, Ivan"]
[Result "1/2-1/2"]
[WhiteElo "2405"]
[BlackElo "2400"]
[PlyCount "40"]
[EventDate "1997.??.??"]
[EventType "tourn"]
[EventRounds "11"]
[EventCountry "GRE"]
[EventCategory "7"]
[SourceTitle "EXT 2004"]
[Source "ChessBase"]
[SourceDate "2003.11.25"]
[SourceVersion "1"]
[SourceVersionDate "2003.11.25"]
[SourceQuality "1"]

1. e4 e5 2. Nf3 Nf6 3. Nc3 Nc6 4. Bb5 Nd4 5. Ba4 Nxf3+ 6. Qxf3 c6 7. d3 d6 8. Bb3 Be7 9. h3 0-0 10. Ne2 Nd7 11. Be3 Bg5 12. 0-0 Qe7 13. Qg3 Bxe3 14. Qxe3 Nc5 15. f4 exf4 16. Rxf4 Nxb3 17. axb3 a6 18. Raf1 Bd7 19. Ng3 Rae8 20. Qf2 f6 1/2-1/2

[Event "Ano Liosia op"]
[Site "Athens"]
[Date "1997.??.??"]
[Round "6"]
[White "Tringov, Georgi Petrov"]
[Black "Shariyazdanov, Andrey"]
[Result "1/2-1/2"]
[WhiteElo "2405"]
[BlackElo "2525"]
[PlyCount "86"]
[EventDate "1997.01.??"]
[EventType "swiss"]
[EventRounds "9"]
[EventCountry "GRE"]
[SourceTitle "EXT 1998"]
[Source "ChessBase"]
[SourceDate "1997.11.17"]
[SourceVersion "1"]
[SourceVersionDate "1997.11.17"]
[SourceQuality "1"]

1. e4 c5 2. Nf3 Nc6 3. d4 cxd4 4. Nxd4 Nf6 5. Nc3 e5 6. Ndb5 d6 7. Bg5 a6 8. Na3 b5 9. Bxf6 gxf6 10. Nd5 f5 11. exf5 Bxf5 12. c3 Bg7 13. Nc2 Be6 14. g3 0-0 15. Bg2 Rb8 16. 0-0 Qd7 17. Nce3 f5 18. f4 b4 19. Qa4 Kh8 20. Qxa6 bxc3 21. bxc3 Ne7 22. Rad1 Nxd5 23. Nxd5 Ra8 24. Qe2 Ra5 25. fxe5 dxe5 26. c4 Qa7+ 27. Qf2 Qxf2+ 28. Rxf2 Rc5 29. Bf1 Rd8 30. Ne3 Rxd1 31. Nxd1 e4 32. Rd2 Be5 33. Ne3 f4 34. gxf4 Bxf4 35. Rd8+ Kg7 36. Nd5 Bg5 37. Rd6 Bg4 38. h3 Bf3 39. Bg2 Bxg2 40. Kxg2 Rxc4 41. Re6 Rd4 42. Re5 Kg6 43. Nc3 Bf6 1/2-1/2

[Event "Cetinje"]
[Site "Cetinje"]
[Date "1996.??.??"]
[Round "?"]
[White "Poluljahov, Aleksandr"]
[Black "Tringov, Georgi Petrov"]
[Result "1/2-1/2"]
[WhiteElo "2480"]
[BlackElo "2440"]
[PlyCount "46"]
[EventDate "1996.??.??"]
[EventType "tourn"]
[EventRounds "15"]
[EventCountry "YUG"]
[EventCategory "7"]
[SourceTitle "EXT 2000"]
[Source "ChessBase"]
[SourceDate "1999.11.16"]
[SourceVersion "1"]
[SourceVersionDate "1999.11.16"]
[SourceQuality "1"]

1. d4 Nf6 2. c4 g6 3. Nc3 Bg7 4. e4 d6 5. h3 0-0 6. Bg5 c6 7. Nf3 a6 8. a3 b5 9. Be2 h6 10. Be3 bxc4 11. Bxc4 Nxe4 12. Nxe4 d5 13. Ba2 dxe4 14. Ne5 e6 15. Qc2 Bb7 16. Qxe4 Qe7 17. 0-0 c5 18. d5 exd5 19. Bxd5 Ra7 20. f4 Bxd5 21. Qxd5 Nd7 22. Rac1 Nxe5 23. Qxc5 Nd3 1/2-1/2

[Event "Ano Liosia op"]
[Site "Ano Liosia"]
[Date "1996.??.??"]
[Round "6"]
[White "Rama, Lorenc"]
[Black "Tringov, Georgi Petrov"]
[Result "1/2-1/2"]
[WhiteElo "2330"]
[BlackElo "2440"]
[PlyCount "43"]
[EventDate "1996.??.??"]
[EventType "swiss"]
[EventRounds "9"]
[EventCountry "GRE"]
[SourceTitle "CBM 051 Extra"]
[Source "ChessBase"]
[SourceDate "1996.05.01"]
[SourceVersion "1"]
[SourceVersionDate "1996.05.01"]
[SourceQuality "1"]

1. c4 e5 2. Nc3 d6 3. d4 Nf6 4. dxe5 dxe5 5. Qxd8+ Kxd8 6. Nf3 Nfd7 7. Ng5 Ke8 8. g3 Na6 9. Bg2 Nb6 10. b3 f6 11. Nge4 c6 12. 0-0 Be7 13. Rd1 Nb4 14. Nd6+ Bxd6 15. Rxd6 Bf5 16. Be3 Nc2 17. Rad1 Nxe3 18. fxe3 Ke7 19. c5 Nd7 20. e4 Bg4 21. Bf3 Bh3 22. Bg2 1/2-1/2

[Event "YUG-chT"]
[Site "Vrnjacka Banja"]
[Date "1996.??.??"]
[Round "?"]
[White "Tringov, Georgi Petrov"]
[Black "Notkin, Maksim"]
[Result "1/2-1/2"]
[WhiteElo "2440"]
[BlackElo "2515"]
[PlyCount "58"]
[EventDate "1996.??.??"]
[EventType "team"]
[EventRounds "11"]
[EventCountry "YUG"]
[SourceTitle "EXT 2000"]
[Source "ChessBase"]
[SourceDate "1999.11.16"]
[SourceVersion "1"]
[SourceVersionDate "1999.11.16"]
[SourceQuality "1"]

1. e4 e5 2. Nf3 Nc6 3. Bb5 a6 4. Ba4 Nf6 5. Qe2 b5 6. Bb3 Be7 7. 0-0 0-0 8. c3 d5 9. d3 d4 10. cxd4 Nxd4 11. Nxd4 Qxd4 12. Be3 Qd6 13. Nc3 Bb7 14. Rfd1 c5 15. Bg5 Nd7 16. Bxe7 Qxe7 17. Nd5 Qd6 18. Qe3 Kh8 19. Qh3 Rad8 20. a4 bxa4 21. Rxa4 Nb6 22. Nxb6 Qxb6 23. Ra3 Rd4 24. Qe3 f5 25. exf5 Rxf5 26. f3 Qg6 27. Rf1 h5 28. Bd1 h4 29. Rc3 Qd6 1/2-1/2

[Event "Cetinje"]
[Site "Cetinje"]
[Date "1996.??.??"]
[Round "?"]
[White "Tringov, Georgi Petrov"]
[Black "Tosic, Miroslav"]
[Result "0-1"]
[WhiteElo "2440"]
[BlackElo "2415"]
[PlyCount "74"]
[EventDate "1996.??.??"]
[EventType "tourn"]
[EventRounds "15"]
[EventCountry "YUG"]
[EventCategory "7"]
[SourceTitle "EXT 2000"]
[Source "ChessBase"]
[SourceDate "1999.11.16"]
[SourceVersion "1"]
[SourceVersionDate "1999.11.16"]
[SourceQuality "1"]

1. e4 c5 2. Nf3 e6 3. d4 cxd4 4. Nxd4 a6 5. Nc3 Qc7 6. g3 Nf6 7. Bg2 Be7 8. 0-0 0-0 9. Qe2 d6 10. Be3 Nbd7 11. Rad1 Nb6 12. Kh1 Bd7 13. f4 Rac8 14. Bc1 Rfd8 15. g4 Na4 16. Nxa4 Bxa4 17. g5 Ne8 18. b3 Bd7 19. c4 Bf8 20. f5 e5 21. Nc2 b5 22. Ne3 bxc4 23. bxc4 Bc6 24. f6 Ba4 25. fxg7 Bxg7 26. Rd3 d5 27. Rxd5 Bd7 28. Rfd1 Be6 29. Rxd8 Rxd8 30. Rxd8 Qxd8 31. Nd5 Nd6 32. c5 Nb5 33. Be3 Bf8 34. c6 Qa5 35. h3 Nd4 36. Bxd4 exd4 37. Qc2 Qe1+ 0-1

[Event "YUG-chT2"]
[Site "Tivat"]
[Date "1995.??.??"]
[Round "3"]
[White "Tringov, Georgi Petrov"]
[Black "Marjanovic, Slavoljub"]
[Result "1/2-1/2"]
[WhiteElo "2430"]
[BlackElo "2425"]
[PlyCount "37"]
[EventDate "1995.??.??"]
[EventType "team"]
[EventRounds "11"]
[EventCountry "YUG"]
[SourceTitle "EXT 2002"]
[Source "ChessBase"]
[SourceDate "2001.11.25"]
[SourceVersion "1"]
[SourceVersionDate "2001.11.25"]
[SourceQuality "1"]

1. e4 c5 2. Nf3 e6 3. d4 cxd4 4. Nxd4 Nc6 5. Nc3 Qc7 6. g3 a6 7. Bg2 d6 8. 0-0 Bd7 9. a4 Nf6 10. Nxc6 Bxc6 11. a5 Be7 12. Be3 Nd7 13. Na4 0-0 14. Nb6 Rae8 15. c4 Nxb6 16. axb6 Qd7 17. Qd3 f5 18. Rfd1 Rd8 19. Ra5 1/2-1/2

[Event "Niksic"]
[Site "Niksic"]
[Date "1994.??.??"]
[Round "?"]
[White "Blagojevic, Dragisa"]
[Black "Tringov, Georgi Petrov"]
[Result "0-1"]
[WhiteElo "2500"]
[BlackElo "2430"]
[PlyCount "86"]
[EventDate "1994.??.??"]
[EventType "tourn"]
[EventRounds "11"]
[EventCountry "YUG"]
[SourceTitle "EXT 1998"]
[Source "ChessBase"]
[SourceDate "1997.11.17"]
[SourceVersion "1"]
[SourceVersionDate "1997.11.17"]
[SourceQuality "1"]

1. d4 Nf6 2. c4 g6 3. Nf3 Bg7 4. g3 0-0 5. Bg2 d6 6. 0-0 Nbd7 7. Nc3 e5 8. h3 c6 9. e4 exd4 10. Nxd4 Re8 11. Be3 Nc5 12. Qc2 Qe7 13. Rfe1 Nfd7 14. b3 Ne5 15. Rad1 f6 16. f4 Nf7 17. Bf2 a5 18. a3 Bd7 19. b4 axb4 20. axb4 Na6 21. Rb1 Qd8 22. c5 Nxb4 23. Rxb4 dxc5 24. Nxc6 Bxc6 25. Bxc5 Qa5 26. Rc4 b5 27. Rd4 Bf8 28. Bxf8 Kxf8 29. Qb2 Red8 30. Rxd8+ Rxd8 31. Kh2 Rd3 32. Rc1 Kg7 33. Nb1 Ba8 34. e5 Bxg2 35. exf6+ Kh6 36. Qxg2 Qd8 37. g4 g5 38. h4 gxf4 39. g5+ Kh5 40. g6 hxg6 41. Rg1 Qxf6 42. Qe2+ f3 43. Qxd3 Qxh4# 0-1

[Event "Niksic"]
[Site "Niksic"]
[Date "1994.??.??"]
[Round "?"]
[White "Nikac, Predrag"]
[Black "Tringov, Georgi Petrov"]
[Result "0-1"]
[WhiteElo "2260"]
[BlackElo "2430"]
[PlyCount "82"]
[EventDate "1994.??.??"]
[EventType "tourn"]
[EventRounds "11"]
[EventCountry "YUG"]
[SourceTitle "EXT 1998"]
[Source "ChessBase"]
[SourceDate "1997.11.17"]
[SourceVersion "1"]
[SourceVersionDate "1997.11.17"]
[SourceQuality "1"]

1. e4 c5 2. Nf3 e6 3. d4 cxd4 4. Nxd4 a6 5. Bd3 Bc5 6. Nb3 Ba7 7. Qe2 Nc6 8. Be3 d6 9. Nc3 Nf6 10. 0-0-0 Bxe3+ 11. Qxe3 e5 12. Be2 Be6 13. g4 0-0 14. g5 Ne8 15. Nd5 Bxd5 16. exd5 Ne7 17. h4 Ng6 18. Kb1 Nf4 19. Bf3 f6 20. gxf6 Qxf6 21. Be4 Rc8 22. h5 Qf7 23. Qb6 Nf6 24. f3 Qc7 25. Qxc7 Rxc7 26. h6 g6 27. Na5 N4h5 28. Bd3 Ne8 29. c4 Ng3 30. Rh3 Nf5 31. b4 Nd4 32. Be4 Nf6 33. c5 Nxe4 34. fxe4 dxc5 35. d6 Rcc8 36. Nxb7 Rb8 37. Nxc5 Rxb4+ 38. Nb3 Rb6 39. d7 Rb7 40. Rc3 Rxd7 41. Rc5 Nxb3 0-1

[Event "YUG-chT Cup"]
[Site "Becici"]
[Date "1994.??.??"]
[Round "?"]
[White "Popov, Luben"]
[Black "Tringov, Georgi Petrov"]
[Result "1/2-1/2"]
[WhiteElo "2395"]
[BlackElo "2435"]
[PlyCount "26"]
[EventDate "1994.??.??"]
[EventType "team"]
[EventRounds "6"]
[EventCountry "YUG"]
[SourceTitle "EXT 2000"]
[Source "ChessBase"]
[SourceDate "1999.11.16"]
[SourceVersion "1"]
[SourceVersionDate "1999.11.16"]
[SourceQuality "1"]

1. d4 d6 2. c4 e5 3. dxe5 dxe5 4. Qxd8+ Kxd8 5. Nc3 f6 6. g3 c6 7. Bh3 Bxh3 8. Nxh3 Nd7 9. Bd2 Ne7 10. 0-0-0 Kc7 11. f4 Ng6 12. Ne4 Nc5 13. Nxc5 Bxc5 1/2-1/2

[Event "Niksic"]
[Site "Niksic"]
[Date "1994.??.??"]
[Round "?"]
[White "Stefanova, Antoaneta"]
[Black "Tringov, Georgi Petrov"]
[Result "1/2-1/2"]
[WhiteElo "2140"]
[BlackElo "2430"]
[PlyCount "44"]
[EventDate "1994.??.??"]
[EventType "tourn"]
[EventRounds "11"]
[EventCountry "YUG"]
[SourceTitle "EXT 1998"]
[Source "ChessBase"]
[SourceDate "1997.11.17"]
[SourceVersion "1"]
[SourceVersionDate "1997.11.17"]
[SourceQuality "1"]

1. d4 g6 2. Nf3 Bg7 3. Bf4 d6 4. Nc3 Nd7 5. e4 e5 6. dxe5 dxe5 7. Bg5 Ngf6 8. Bc4 0-0 9. 0-0 c6 10. a4 a5 11. h3 Qe7 12. Qe2 h6 13. Be3 Nc5 14. Nd2 Nh5 15. Rfd1 Nf4 16. Qf1 Nce6 17. Ne2 Kh8 18. c3 Bd7 19. Nf3 Bc8 20. Rd2 Qf6 21. Nxf4 exf4 22. Bb6 Qe7 1/2-1/2

[Event "Niksic"]
[Site "Niksic"]
[Date "1994.??.??"]
[Round "?"]
[White "Tringov, Georgi Petrov"]
[Black "Ivanovic, Bozidar"]
[Result "1/2-1/2"]
[WhiteElo "2430"]
[BlackElo "2470"]
[PlyCount "24"]
[EventDate "1994.??.??"]
[EventType "tourn"]
[EventRounds "11"]
[EventCountry "YUG"]
[SourceTitle "EXT 1998"]
[Source "ChessBase"]
[SourceDate "1997.11.17"]
[SourceVersion "1"]
[SourceVersionDate "1997.11.17"]
[SourceQuality "1"]

1. e4 e5 2. Nf3 Nc6 3. Bb5 a6 4. Bxc6 dxc6 5. 0-0 Bg4 6. h3 Bxf3 7. Qxf3 Qf6 8. Qxf6 Nxf6 9. d3 Bc5 10. Be3 Bxe3 11. fxe3 0-0 12. Nd2 Rfe8 1/2-1/2

[Event "Vrbas"]
[Site "Vrbas"]
[Date "1993.??.??"]
[Round "3"]
[White "Cabarkapa, Spasoje"]
[Black "Tringov, Georgi Petrov"]
[Result "0-1"]
[WhiteElo "2310"]
[BlackElo "2420"]
[PlyCount "114"]
[EventDate "1993.??.??"]
[EventType "tourn"]
[EventRounds "11"]
[EventCountry "YUG"]
[EventCategory "5"]
[SourceTitle "EXT 2002"]
[Source "ChessBase"]
[SourceDate "2001.11.25"]
[SourceVersion "1"]
[SourceVersionDate "2001.11.25"]
[SourceQuality "1"]

1. e4 c5 2. c3 d5 3. exd5 Qxd5 4. d4 e6 5. Nf3 Nf6 6. Na3 Be7 7. Nb5 Na6 8. Be2 0-0 9. 0-0 Rd8 10. Bg5 cxd4 11. cxd4 Bd7 12. Nc3 Qa5 13. a3 Nc7 14. b4 Qb6 15. Qb3 Ncd5 16. Bxf6 Nxf6 17. d5 Nxd5 18. Nxd5 exd5 19. Qxd5 Bf6 20. Rab1 Be6 21. Qe4 g6 22. Rbd1 Kg7 23. Qb1 Rac8 24. Rc1 Bd5 25. Rfd1 Qe6 26. Rxc8 Rxc8 27. Kf1 Be4 28. Bd3 Bxf3 29. gxf3 Qh3+ 30. Ke2 Qxh2 31. Be4 Rc7 32. a4 Re7 33. Qd3 Bh4 34. Qd4+ Kh6 35. Kd3 f5 36. Bd5 Qxf2 37. Qf4+ Kg7 38. Rd2 Qf1+ 39. Kc2 Qe1 40. Qb8 Kh6 41. Bxb7 Re2 42. Qd6 Be7 43. Rxe2 Qxe2+ 44. Qd2+ Qxd2+ 45. Kxd2 Bxb4+ 46. Ke2 Kg5 47. Kf2 Kf4 48. Kg2 g5 49. Bc6 g4 50. fxg4 fxg4 51. Be8 Kg5 52. Kg3 h5 53. Bd7 h4+ 54. Kg2 h3+ 55. Kg1 Kh4 56. a5 Bxa5 57. Kh1 g3 0-1